000 00209nam a2200097Ia 4500
008 190216s9999||||xx |||||||||||||| ||und||
100 _aNull
245 0 _aPopulation
260 _bCambridge Uty Press
942 _cBK
999 _c9149
_d9149